Guess the Taylor Swift Song (no hints) 64 - Statistics

General Stats
  • This quiz has been taken 100 times
  • The average score is 274 of 398
Answer Stats
Answer % Correct
I
100%
a
99%
the
99%
The
99%
do
97%
when
96%
you
96%
you?
96%
an
94%
it
94%
in
93%
me
93%
to
93%
we
93%
And
91%
and
91%
on
91%
your
91%
be
90%
(ha)
90%
my
89%
no
89%
You're
89%
don't
87%
I'm
87%
like
87%
it's
86%
It's
86%
so
86%
So
86%
But
84%
know
84%
they
84%
this
84%
all
83%
all,
83%
All
83%
one
81%
there
81%
at
80%
say
80%
as
79%
been
79%
can
79%
ever
79%
for
79%
'Cause
77%
have
77%
could
76%
if
76%
If
76%
Oh,
76%
oh,
76%
oh
76%
should
76%
would
76%
are
74%
Of
73%
can't
71%
Can't
71%
why
71%
Why
71%
I'll
70%
I've
70%
didn't
67%
never
67%
got
66%
now
66%
kiss
64%
look
64%
things
64%
think
64%
out
61%
saw
61%
some
61%
talk
60%
talk,
60%
here
57%
there's
57%
way
57%
back
56%
Come
56%
come
56%
They're
54%
they're
54%
wanna
54%
wanted
54%
yeah
54%
angel
53%
feel
51%
name
51%
Hey
50%
thought
50%
walk,
50%
those
49%
even
47%
help
47%
rain,
47%
stay
47%
well,
47%
always
46%
feeling
46%
else
44%
girls
44%
girls,
44%
magic
44%
met
44%
myself
44%
Myself
44%
myself,
44%
seen
44%
light
43%
Stephen,
43%
looks
41%
since
41%
give
40%
same
39%
song
39%
other
37%
walked
37%
write
37%
aren't
36%
boy,
36%
waiting
36%
change
34%
half
34%
holding
34%
Mmm,
34%
Mmm
34%
people
34%
reasons
34%
alone
33%
beautiful,
33%
beautiful
33%
choose
33%
cold
33%
deceiving
31%
might
31%
window
31%
wonderful,
31%
50
30%
believing
30%
(Ha-ha)
30%
leaving?
30%
shine
30%
shine,
30%
rocks
27%
perfect
26%
pull
26%
tonight?
26%
tossing
26%
lights
24%
nobody
24%
dimming
21%
Mmm-mm,
21%
Mmm-mm
21%
near
21%
street
21%
No matching quizzes found
Score Distribution
Percent of People with Each Score
Percentile by Number Answered
Your Score History
You have not taken this quiz